<The> Foundations of Econometric Analysis

Enregistré dans:
Détails bibliographiques
Autres auteurs: Hendry, David F., Morgan, Mary S.
Format: Livre
Langue:anglais
Publié: Cambridge Cambridge University Press 1995
Édition:1. ed.
Sujets:
Tags: Ajouter un tag
Pas de tags, Soyez le premier à ajouter un tag!

MARC

LEADER 00000nam a2200000 4500
001 c013521
005 20221205133023.4
020 |a 0-521-38043-X 
041 0 |a eng 
044 |a US 
245 1 0 |a <The> Foundations of Econometric Analysis  |c Edit. David F. Hendry, Mary S. Morgan 
250 |a 1. ed. 
264 1 |a Cambridge  |b Cambridge University Press  |c 1995 
300 |a 558 s. 
610 2 0 |a analýza ekonometrická 
610 2 0 |a ekonometria 
610 2 0 |a modelovanie ekonometrické 
610 2 0 |a modely ekonometrické 
700 1 |a Hendry, David F. 
700 1 |a Morgan, Mary S.